ბათუმის შოთა რუსთაველის სახელმწიფო უნივერსიტეტის ბიბლიოთეკა

ტიპიური ხელშეკრულებების კრებული (შედგენილია საქართველოს სამოქალაქო კოდექსის ნორმების საფუძველზე). (ბიბ.ჩანაწერი № 36562)

000 -LEADER
fixed length control field 00756nam a2200193Ia 4500
001 - CONTROL NUMBER
control field 2481
003 - CONTROL NUMBER IDENTIFIER
control field GE_BSU
008 - FIXED-LENGTH DATA ELEMENTS--GENERAL INFORMATION
fixed length control field 181216s||||||||xx |||||||||||||| ||und||
040 ## - CATALOGING SOURCE
Transcribing agency GE_BSU
080 ## - UNIVERSAL DECIMAL CLASSIFICATION NUMBER
Universal Decimal Classification number 347(479.22)
245 ## - TITLE STATEMENT
Title ტიპიური ხელშეკრულებების კრებული (შედგენილია საქართველოს სამოქალაქო კოდექსის ნორმების საფუძველზე).
260 ## - PUBLICATION, DISTRIBUTION, ETC.
Place of publication, distribution, etc. თბილისი
260 ## - PUBLICATION, DISTRIBUTION, ETC.
Name of publisher, distributor, etc. რაიზი
260 ## - PUBLICATION, DISTRIBUTION, ETC.
Date of publication, distribution, etc. 2007
300 ## - PHYSICAL DESCRIPTION
Extent 158 გვ.
653 ## - INDEX TERM--UNCONTROLLED
Uncontrolled term ტიპიური ხელშეკრულებების კრებული
942 ## - ADDED ENTRY ELEMENTS (KOHA)
Koha item type წიგნი
ეგზემპლარები
Withdrawn status Lost status Damaged status Not for loan Date acquired Barcode Date last seen Price effective from Koha item type
        2018-12-17 1852 2018-12-17 2018-12-17 წიგნი